000 00266nam a22001217a 4500
020 _a0-7214-1695-0
082 _a823
_bBAX/E
100 _aBAXTER, NICOLA
245 _aTHE ENORMOUS TURNIP
260 _aUK
_bLADYBIRD
650 _aENGLISH SHORT STORY
_zUK
942 _cBK
999 _c3829
_d3829